Memoria al Congreso Nacional 1998-1999 (Registro nro. 30039)

Detalles MARC
000 -ENCABEZADO
Número de control [NR] 01133nam a2200265Ia 4500
005 - FECHA Y HORA DE LA ÚLTIMA TRANSACCIÓN
control field 20211020094010.0
008 - DE LONGITUD FIJA DE DATOS DE ELEMENTOS - INFORMACIÓN GENERAL
Elementos de longitud fija [NR] 130821s1999 ck gr spa
020 ## - NUMERO INTERNACIONAL NORMALIZADO PARA LIBROS [R]
Número Internacional Normalizado del libro [NR] 958938143X
040 ## - FUENTE DE CATALOGACION [NR]
Agencia de catalogación original [NR] CO-BoUCM
Idioma de catalogación [NR] spa
Quien Cataloga Jose A. Gerena (modificó)
Quien Clasifica [Nuevo]
041 00 - CODIGO DE IDIOMA [R]
Código de idioma para texto/pista de sonido o título separado [R] Español
110 2# - ASIENTO PRINCIPAL--NOMBRE CORPORATIVO [NR]
Nombre corporativo o de jurisdicción como elemento de entrada [NR] Colombia
Unidad subordinada [R] Ministerio de Relaciones Exteriores
ID de autoridad 4048
240 1# - TITULO UNIFORME [NR]
Título uniforme [NR] <a href="Memorias">Memorias</a>
245 10 - MENCION DE TITULO [NR]
Título [NR] Memoria al Congreso Nacional 1998-1999
Mención de responsabilidad, etc. [NR] Ministerio de Relaciones Exteriores, Guillermo Fernández de Soto
260 ## - PUBLICACION, DISTRIBUCION, ETC. (PIE DE IMPRENTA) [R]
Lugar de publicación, distribución, etc. [R] Bogotá (Colombia)
Nombre del editor, distribuidor, etc. [R] Fondo Editorial de la Cancillería de San Carlos
Fecha de publicación, distribución, etc. [R] 1999
300 ## - DESCRIPCION FISICA [R]
Extensión [R] 586 páginas
650 04 - ASIENTO SECUNDARIO DE MATERIA - TERMINO TEMATICO [R]
Término temático o nombre geográfico como elemento de entrada [NR] Administración pública
9 (RLIN) 355
651 #7 - ASIENTO SECUNDARIO DE MATERIA - NOMBRE GEOGRAFICO [R]
Nombre geográfico [NR] Colombia
Geographic name following place entry element [OBSOLETE] Ministerio de Relaciones Exteriores
Subdivisión de forma [R] Informes
Subdivisión cronológica [R] 1998-1999
9 (RLIN) 26606
651 #7 - ASIENTO SECUNDARIO DE MATERIA - NOMBRE GEOGRAFICO [R]
Nombre geográfico [NR] Colombia
Geographic name following place entry element [OBSOLETE] Relaciones internacionales
Subdivisión cronológica [R] 1998-1999
9 (RLIN) 26606
651 #7 - ASIENTO SECUNDARIO DE MATERIA - NOMBRE GEOGRAFICO [R]
Nombre geográfico [NR] Colombia
Subdivisión general [R] Administración pública
Subdivisión de forma [R] Informes
Subdivisión cronológica [R] 1998-1999
9 (RLIN) 26606
690 #0 - ASUNTO AGREGADO LOCAL DE ENTRADA - TÉRMINO TEMÁTICO (OCLC, RLIN)
Acceso temático local Administración pública
9 (RLIN) 355
700 1# - ASIENTO SECUNDARIO - NOMBRE PERSONAL [R]
Nombre personal [NR] Fernández de Soto, Guillermo
9 (RLIN) 1631
710 2# - ASIENTO SECUNDARIO - NOMBRE CORPORATIVO [R]
Nombre corporativo o de jurisdicción como elemento de entrada [NR] Ministerio de Relaciones Exteriores
9 (RLIN) 83396
942 ## - ELEMENTOS DE ENTRADA AGREGADOS (KOHA)
Tipo de ítem principal el descrito en 300a Libro
Tema principal Ciencia política
Edición 1
Parte restante de la signatura top. C718RE
Sistema de clasificación DEWEY
Clasificación 351.0006
Existencias
Fecha de último préstamo Total préstamos Signatura topográfica Código de barras Última vez visto Volúmen / Fascículo Ejemplar Price effective from Tipo de ítem Perdido Sistema de clasificación Dañado No prestable Tipo de ítem específico Suprimido Ubicación habitual Ubicación actual Localización Fecha de creación Forma de adquisición Costo
    351.0006 C718 3001055 15/12/2012 1999 Ej.1 03/02/2013 Libro   DEWEY     Libro     Bib. Cavelier Acavalier 28/02/2009   0.00
02/05/2011 1 351.0006 C718RE 100053154 05/12/2016 1998-1999 Ej.1 03/02/2013 Libro   DEWEY     Libro   Bodega Bodega Préstamo 4 días después de solicitado 28/02/2003   5000.00